[Event "Regionalliga NW 0910"]
[Site "Bayern"]
[Date "2010.02.07"]
[Round "6.6"]
[White "Markert, Markus"]
[Black "Schultes, Dieter"]
[Result "0-1"]
[WhiteElo "1881"]
[BlackElo "1934"]
[PlyCount "50"]
[EventDate "2009.10.18"]
[EventType "team-tourn"]
[EventRounds "9"]
[EventCountry "GER"]
[SourceTitle "EXT 2011"]
[Source "ChessBase"]
[SourceDate "2010.11.26"]
[SourceVersion "1"]
[SourceVersionDate "2010.11.26"]
[SourceQuality "1"]
[WhiteTeam "Bad Neustadt"]
[BlackTeam "Nordhalben"]
[WhiteTeamCountry "GER"]
[BlackTeamCountry "GER"]

1. e4 g6 2. d4 Bg7 3. Nf3 c5 4. c3 Qa5 5. dxc5 Qxc5 6. Be3 Qc7 7. Nd4 Nc6 8. Be2 Nf6 9. Nd2 0-0 10. 0-0 d5 11. f3 dxe4 12. fxe4 a6 13. Rc1 b6 14. Bf3 Bb7 15. Qb3 Ne5 16. Ne2 Neg4 17. Bf4 Qc5+ 18. Kh1 Nf2+ 19. Rxf2 Qxf2 20. Nd4 Nxe4 21. Nf1 Nc5 22. Qxb6 Bxd4 23. cxd4 Bxf3 24. gxf3 Qxf3+ 25. Kg1 Nd3 0-1

[Event "Regionalliga NW 0809"]
[Site "Bayern"]
[Date "2009.03.01"]
[Round "7.6"]
[White "Schultes, Dieter"]
[Black "Kwossek, Georg"]
[Result "1/2-1/2"]
[WhiteElo "1876"]
[BlackElo "1981"]
[PlyCount "46"]
[EventDate "2008.10.05"]
[EventType "team-tourn"]
[EventRounds "9"]
[EventCountry "GER"]
[SourceTitle "EXT 2020"]
[Source "ChessBase"]
[SourceDate "2019.10.17"]
[SourceVersion "1"]
[SourceVersionDate "2019.10.17"]
[SourceQuality "1"]
[WhiteTeam "Nordhalben"]
[BlackTeam "Kitzingen"]
[WhiteTeamCountry "GER"]
[BlackTeamCountry "GER"]

1. Nf3 Nf6 2. g3 g6 3. Bg2 Bg7 4. d4 0-0 5. 0-0 d6 6. c3 c5 7. dxc5 dxc5 8. Nbd2 Nc6 9. Qc2 Bd7 10. b3 Qc8 11. Re1 b5 12. Ba3 b4 13. Bb2 Nd5 14. cxb4 Ndxb4 15. Qc1 Nd4 16. Nxd4 cxd4 17. Bxa8 Qxa8 18. Qc5 Bh3 19. f3 a5 20. Qxe7 Nd5 21. Qh4 Qa7 22. Kh1 Be6 23. g4 Ne3 1/2-1/2

[Event "Regionalliga NW 0809"]
[Site "Bayern"]
[Date "2008.12.14"]
[Round "4.6"]
[White "Ortlauf, Erwin"]
[Black "Schultes, Dieter"]
[Result "1/2-1/2"]
[WhiteElo "1910"]
[BlackElo "1876"]
[PlyCount "33"]
[EventDate "2008.10.05"]
[EventType "team-tourn"]
[EventRounds "9"]
[EventCountry "GER"]
[SourceTitle "EXT 2020"]
[Source "ChessBase"]
[SourceDate "2019.10.17"]
[SourceVersion "1"]
[SourceVersionDate "2019.10.17"]
[SourceQuality "1"]
[WhiteTeam "Bamberg SC II"]
[BlackTeam "Nordhalben"]
[WhiteTeamCountry "GER"]
[BlackTeamCountry "GER"]

1. d4 g6 2. c4 Bg7 3. Nc3 d6 4. e4 Nc6 5. Be3 e5 6. Nge2 f5 7. f3 Nf6 8. Qd2 fxe4 9. fxe4 exd4 10. Nxd4 Nxd4 11. Bxd4 0-0 12. 0-0-0 Bg4 13. Re1 Qe7 14. h3 Be6 15. g4 Qf7 16. Nd5 Bxd5 17. exd5 1/2-1/2

[Event "Regionalliga NW 0708"]
[Site "Bayern"]
[Date "2008.04.20"]
[Round "9.6"]
[White "Schultes, Dieter"]
[Black "Hennigs, Stefan"]
[Result "0-1"]
[WhiteElo "1890"]
[BlackElo "1905"]
[PlyCount "86"]
[EventDate "2007.10.21"]
[EventType "team-tourn"]
[EventRounds "9"]
[EventCountry "GER"]
[SourceTitle "EXT 2009"]
[Source "ChessBase"]
[SourceDate "2008.11.26"]
[SourceVersion "1"]
[SourceVersionDate "2008.11.26"]
[SourceQuality "1"]
[WhiteTeam "Nordhalben"]
[BlackTeam "Bindlach III"]
[WhiteTeamCountry "GER"]
[BlackTeamCountry "GER"]

1. Nf3 d5 2. g3 Nf6 3. Bg2 e6 4. c4 c5 5. 0-0 Nc6 6. b3 Be7 7. cxd5 Nxd5 8. Bb2 Bf6 9. Qc1 0-0 10. Na3 b6 11. Nc4 Ba6 12. d3 Rc8 13. Re1 Qe7 14. Nce5 Bb7 15. Rb1 Rfd8 16. Qc4 Ndb4 17. Qg4 Nxe5 18. Nxe5 Bxg2 19. Kxg2 Bxe5 20. Bxe5 f6 21. Bb2 Nxa2 22. h4 Nb4 23. h5 h6 24. Rh1 Nc6 25. Rh4 Nd4 26. Kf1 Nxb3 27. Bc3 Nd4 28. Qe4 Nf5 29. Rf4 Qd7 30. Qg2 Qd5 31. Qh3 Nd4 32. Re1 Nc2 33. Rc1 Nd4 34. Re1 Qd7 35. Qh4 Qd5 36. Kg1 Qg5 37. Qh3 Qd5 38. Rg4 Rc7 39. Bd2 Kh8 40. f3 Qd7 41. Rg6 Kh7 42. Kf2 c4 43. dxc4 Nc2 0-1

[Event "Regionalliga NW 0506"]
[Site "Bayern"]
[Date "2006.01.15"]
[Round "5.6"]
[White "Schultes, Dieter"]
[Black "Vogt, Thomas"]
[Result "0-1"]
[WhiteElo "1899"]
[BlackElo "1945"]
[PlyCount "72"]
[EventDate "2005.10.23"]
[EventType "team-tourn"]
[EventRounds "9"]
[EventCountry "GER"]
[SourceTitle "EXT 2007"]
[Source "ChessBase"]
[SourceDate "2006.11.23"]
[SourceVersion "1"]
[SourceVersionDate "2006.11.23"]
[SourceQuality "1"]

1. Nf3 c5 2. c4 Nf6 3. g3 d5 4. Bg2 Nc6 5. b3 e6 6. 0-0 Be7 7. Bb2 0-0 8. cxd5 exd5 9. d4 b6 10. Nc3 Be6 11. Na4 Ne4 12. dxc5 bxc5 13. Ne5 Nxe5 14. Bxe5 f5 15. e3 Rc8 16. Rc1 Qd7 17. Nb2 Rfd8 18. Qe2 Bf7 19. Rfd1 Qe6 20. f4 Re8 21. Nd3 c4 22. bxc4 dxc4 23. Nf2 Nf6 24. Bf3 Rcd8 25. Kg2 Bd6 26. Bd4 Bb8 27. Qb2 Nd5 28. e4 fxe4 29. Nxe4 Qg6 30. Ng5 Nxf4+ 31. gxf4 Bxf4 32. h4 h6 33. Kf2 hxg5 34. h5 Qf5 35. Bxg7 g4 36. Bh8 Be3+ 0-1

[Event "Regionalliga NW 0506"]
[Site "Bayern"]
[Date "2005.10.23"]
[Round "1.6"]
[White "Wilfert, Andre"]
[Black "Schultes, Dieter"]
[Result "1-0"]
[WhiteElo "1944"]
[BlackElo "1899"]
[PlyCount "73"]
[EventDate "2005.10.23"]
[EventType "team-tourn"]
[EventRounds "9"]
[EventCountry "GER"]
[SourceTitle "EXT 2007"]
[Source "ChessBase"]
[SourceDate "2006.11.23"]
[SourceVersion "1"]
[SourceVersionDate "2006.11.23"]
[SourceQuality "1"]

1. d4 Nf6 2. c4 d6 3. Nc3 c6 4. e4 Bg4 5. Nf3 Nbd7 6. h3 Bh5 7. Bd3 e5 8. d5 Be7 9. Be3 Qc7 10. b4 a5 11. dxc6 bxc6 12. b5 cxb5 13. Nxb5 Qc6 14. 0-0 0-0 15. Rb1 Nxe4 16. Na7 Rxa7 17. Bxe4 Qxe4 18. Bxa7 Qa8 19. Qd5 Bxf3 20. Qxf3 e4 21. Qe3 f5 22. Bd4 Qc6 23. Qc3 Bf6 24. Bxf6 Nxf6 25. Qxa5 Qxc4 26. Rb7 Ne8 27. Qd2 f4 28. Rc1 Qe6 29. Rb5 Nf6 30. Qxf4 d5 31. Qg5 h6 32. Qe3 Qa6 33. Qb3 Kh8 34. Rb8 Rxb8 35. Qxb8+ Kh7 36. Qe5 Qxa2 37. Qf5+ 1-0